| 000 | 00992aam a2200349a 44500 | ||
|---|---|---|---|
| 008 | 930106s1990 cat | ||
| 017 | _aB-40206-1990 | ||
| 020 | _a8439315279 | ||
| 041 | _acat | ||
| 041 | _bspa | ||
| 080 | _a671.1(038) | ||
| 080 | _a739.2(038) | ||
| 100 |
_aBozzo i Duran, Maria _965887 |
||
| 245 |
_aVocabulari de joieria _cMaria Bozzo i Duran |
||
| 260 |
_aBarcelona _bGeneralitat de Catalunya. Departament de Cultura _c1990 |
||
| 300 |
_a58 p. _bil. _c24 cm |
||
| 500 | _aArbre de camp, categoria gramatical, sinònims | ||
| 500 | _aBibliografia: p.57-58. Índex castellà: p.51 | ||
| 500 | _btermcat | ||
| 520 | _a688 | ||
| 546 | _acatalà | ||
| 591 | _a2623 | ||
| 592 | _aObra terminològica | ||
| 593 | _aJI | ||
| 594 | _a2623 | ||
| 650 |
_ajoieria _961141 |
||
| 901 | _c<1990> | ||
| 902 | _a930106 | ||
| 942 |
_cMO _n0 _2ddc |
||
| 999 |
_c54837 _d54837 |
||